Why survive? : (Record no. 1285)
[ view plain ]
| 000 -LEADER | |
|---|---|
| fixed length control field | 00846cam a2200289 a 4500 |
| 005 - DATE AND TIME OF LATEST TRANSACTION | |
| control field | 20260322212054.0 |
| 008 - FIXED-LENGTH DATA ELEMENTS--GENERAL INFORMATION | |
| fixed length control field | data |
| 010 ## - LIBRARY OF CONGRESS CONTROL NUMBER | |
| LC control number | 73004066 |
| 020 ## - INTERNATIONAL STANDARD BOOK NUMBER | |
| International Standard Book Number | 0060105917 : |
| Terms of availability | {dollar}15.00 |
| 020 ## - INTERNATIONAL STANDARD BOOK NUMBER | |
| International Standard Book Number | 9780060105914 : |
| Terms of availability | {dollar}15.00 |
| 040 ## - CATALOGING SOURCE | |
| Modifying agency | CtY-D |
| 043 ## - GEOGRAPHIC AREA CODE | |
| Geographic area code | n-us--- |
| 050 0# - LIBRARY OF CONGRESS CALL NUMBER | |
| Classification number | HQ1064.U5 |
| Item number | B87 1975 |
| 096 ## - LOCALLY ASSIGNED NLM-TYPE CALL NUMBER (OCLC) | |
| Classification number | WT 100 B978w 1975 |
| 001 - CONTROL NUMBER | |
| control field | data |
| 100 1# - MAIN ENTRY--PERSONAL NAME | |
| Personal name | Butler, Robert N., |
| Dates associated with a name | 1927- |
| 245 10 - TITLE STATEMENT | |
| Title | Why survive? : |
| Remainder of title | being old in America / |
| Statement of responsibility, etc. | Robert N. Butler. |
| 250 ## - EDITION STATEMENT | |
| Edition statement | 1st ed. |
| 260 0# - PUBLICATION, DISTRIBUTION, ETC. | |
| Place of publication, distribution, etc. | New York : |
| Name of publisher, distributor, etc. | Harper & Row, |
| Date of publication, distribution, etc. | 1975. |
| 300 ## - PHYSICAL DESCRIPTION | |
| Extent | xiii, 496 p. ; |
| Dimensions | 25 cm. |
| 500 ## - GENERAL NOTE | |
| General note | Includes index. |
| 504 ## - BIBLIOGRAPHY, ETC. NOTE | |
| Bibliography, etc. note | Bibliography: p. [471]-482. |
| 590 ## - LOCAL NOTE (RLIN) | |
| Local note | Bibliography: p. [471]-482. |
| 590 ## - LOCAL NOTE (RLIN) | |
| Local note | Includes index. |
| 650 #0 - SUBJECT ADDED ENTRY--TOPICAL TERM | |
| Topical term or geographic name entry element | Older people |
| General subdivision | Government policy |
| Geographic subdivision | United States. |
| 650 #0 - SUBJECT ADDED ENTRY--TOPICAL TERM | |
| Topical term or geographic name entry element | Old age assistance |
| Geographic subdivision | United States. |
| Withdrawn status | Lost status | Damaged status | Not for loan | Home library | Current library | Shelving location | Date acquired | Total checkouts | Full call number | Barcode | Date last seen | Price effective from | Koha item type |
|---|---|---|---|---|---|---|---|---|---|---|---|---|---|
| Centerville | Centerville | General stacks | 22/03/2026 | HQ1064.U5 B87 1975 | BC0011328 | 22/03/2026 | 22/03/2026 | Books |